Reflexiones sobre la vivencia de una persona transexual femenina /
Guardado en:
| Autor principal: | |
|---|---|
| Formato: | Texto |
| Etiquetas: |
Agregar Etiqueta
Sin Etiquetas, Sea el primero en etiquetar este registro!
|
MARC
| LEADER | 00000 a a2200000 04500 | ||
|---|---|---|---|
| 001 | 43063 | ||
| 003 | |||
| 040 | |||
| 100 | |a Ollé Méndez, Alberto | ||
| 245 | |a Reflexiones sobre la vivencia de una persona transexual femenina / |c Alberto Ollé Méndez | ||
| 773 | |g número3 ( , 2008), 10 páginas | ||
| 999 | |c 29516 |d 29516 | ||
